Project management best practices : (Record no. 531749)

000 -LEADER
fixed length control field 01923cam a2200361 a 4500
001 - CONTROL NUMBER
control field 15941832
003 - CONTROL NUMBER IDENTIFIER
control field NUST
005 - DATE AND TIME OF LATEST TRANSACTION
control field 20191025100105.0
008 - FIXED-LENGTH DATA ELEMENTS--GENERAL INFORMATION
fixed length control field 091009s2010 njua b 001 0 eng
010 ## - LIBRARY OF CONGRESS CONTROL NUMBER
LC control number 2009042592
015 ## - NATIONAL BIBLIOGRAPHY NUMBER
National bibliography number GBA9A6100
Source bnb
016 7# - NATIONAL BIBLIOGRAPHIC AGENCY CONTROL NUMBER
Record control number 015408545
Source Uk
020 ## - INTERNATIONAL STANDARD BOOK NUMBER
International Standard Book Number 9780470528297 (cloth : alk. paper)
020 ## - INTERNATIONAL STANDARD BOOK NUMBER
International Standard Book Number 047052829X (cloth : alk. paper)
035 ## - SYSTEM CONTROL NUMBER
System control number (OCoLC)ocn429027040
038 ## - RECORD CONTENT LICENSOR
Staff Name MSOHAIL
040 ## - CATALOGING SOURCE
Original cataloging agency DLC
Transcribing agency DLC
Modifying agency YDX
-- CDX
-- UKM
-- YDXCP
-- BWX
-- PMIPA
-- DEBBG
-- DLC
050 00 - LIBRARY OF CONGRESS CALL NUMBER
Classification number HD69.P75
Item number K4715 2010
082 00 - DEWEY DECIMAL CLASSIFICATION NUMBER
Classification number 658.404
Edition number 22
084 ## - OTHER CLASSIFICATION NUMBER
Classification number QP 360
Number source rvk
100 1# - MAIN ENTRY--PERSONAL NAME
Personal name Kerzner, Harold.
9 (RLIN) 7267
245 10 - TITLE STATEMENT
Title Project management best practices :
Remainder of title achieving global excellence /
Statement of responsibility, etc. Harold Kerzner.
250 ## - EDITION STATEMENT
Edition statement 2nd ed.
260 ## - PUBLICATION, DISTRIBUTION, ETC.
Place of publication, distribution, etc. Hoboken, N.J. :
Name of publisher, distributor, etc. John Wiley & Sons ;
Place of publication, distribution, etc. New York :
Name of publisher, distributor, etc. International Institute for Learning,
Date of publication, distribution, etc. c2010.
300 ## - PHYSICAL DESCRIPTION
Extent xix, 684 p. :
Other physical details ill. ;
Dimensions 25 cm.
504 ## - BIBLIOGRAPHY, ETC. NOTE
Bibliography, etc. note Includes bibliographical references and index.
505 0# - FORMATTED CONTENTS NOTE
Formatted contents note Understanding best practices -- From best practice to migraine headache -- Journey to excellence -- Project management methodologies -- Integrated processes -- Culture -- Management support -- Training and education -- Informal project management -- Behavioral excellence -- Measuring return on investment on project management training dollars -- The project office -- Six sigma and the project management office -- Project portfolio management -- Global project management excellence -- Value-driven project management -- Effect of mergers and acquisitions on project management -- Appendix: Microsoft® Operations Framework.
650 #0 - SUBJECT ADDED ENTRY--TOPICAL TERM
Topical term or geographic name entry element Project management
General subdivision Methodology.
9 (RLIN) 24750
650 #0 - SUBJECT ADDED ENTRY--TOPICAL TERM
Topical term or geographic name entry element Project management
Form subdivision Case studies.
9 (RLIN) 24751
906 ## - LOCAL DATA ELEMENT F, LDF (RLIN)
a 7
b cbc
c orignew
d 1
e ecip
f 20
g y-gencatlg
942 ## - ADDED ENTRY ELEMENTS (KOHA)
Source of classification or shelving scheme
Koha item type Book
Holdings
Withdrawn status Lost status Source of classification or shelving scheme Damaged status Not for loan Permanent Location Current Location Date acquired Total Checkouts Full call number Barcode Date last seen Price effective from Koha item type
          School of Civil and Environmental Engineering (SCEE) School of Civil and Environmental Engineering (SCEE) 10/25/2019   658.404 NIT-11678 10/25/2019 10/25/2019 Book
© 2023 Central Library, National University of Sciences and Technology. All Rights Reserved.